Statistiques concernant Les capitaines de Ligue 1

Cliquez ici pour prendre le quiz!

Statistiques générales

  • Ce quiz a été pris 80 fois
  • Le résultat moyen est 10 sur 18

Statistiques - réponses

EquipesCapitaine% Correct
ParisMarquinhos
99%
LyonAlexandre Lacazette
89%
MonacoWissam Ben Yedder
89%
LensBrice Samba
84%
MarseilleValentin Rongier
84%
NiceDante
77%
RennesBenjamin Bourigeaud
76%
LilleBenjamin Andre
75%
MontpellierTéji Savanier
71%
ReimsYunis Abdelhamid
57%
StrasbourgMatz Sels
43%
LorientLaurent Abergel
39%
NantesPedro Chirivella
36%
ClermontMaxime Gonalons
32%
BrestBrendan Chardonnet
31%
ToulouseVincent Sierro
28%
MetzMathieu Udol
21%
Le HavreArouna Sangante
17%

Distribution des résultats

Percentile par nombre de réponses

% des personnes avec chaque résultat

Votre développement - résultats

Vous n’avez pas pris ce quiz